Многоуровневый подход к моделированию процессов деформации и разрушения; Вестник Российской академии наук; Т. 83, № 5

التفاصيل البيبلوغرافية
Parent link:Вестник Российской академии наук: научный и общественно-политический журнал/ Российская академия наук (РАН).— , 1992-.— 0869-5873
Т. 83, № 5.— 2013.— С. 398
المؤلف الرئيسي: Псахье С. Г. Сергей Григорьевич
اللغة:الروسية
منشور في: 2013
الموضوعات:
التنسيق: فصل الكتاب
KOHA link:https://koha.lib.tpu.ru/cgi-bin/koha/opac-detail.pl?biblionumber=572581

MARC

LEADER 00000naa2a2200000 4500
001 572581
005 20231101125456.0
035 |a (RuTPU)RU\TPU\prd\270686 
035 |a RU\TPU\prd\221517 
090 |a 572581 
100 |a 20170404a2013 k y0rusy50 ca 
101 0 |a rus 
102 |a RU 
200 1 |a Многоуровневый подход к моделированию процессов деформации и разрушения  |f С. Г. Псахье 
461 0 |0 (RuTPU)RU\TPU\prd\578  |x 0869-5873  |t Вестник Российской академии наук  |o научный и общественно-политический журнал  |f Российская академия наук (РАН)  |d 1992- 
463 0 |0 (RuTPU)RU\TPU\prd\193894  |t Т. 83, № 5  |v С. 398  |d 2013 
610 1 |a труды учёных ТПУ 
700 1 |a Псахье  |b С. Г.  |c физик  |c заведующий лабораторией, советник ректора, заведующий кафедрой Томского политехнического университета, доктор физико-математических наук  |f 1952-  |g Сергей Григорьевич  |2 stltpush  |3 (RuTPU)RU\TPU\pers\25589 
801 1 |a RU  |b 63413507  |c 20140723 
801 2 |a RU  |b 63413507  |c 20170404  |g RCR 
942 |c BK